panic! sarah smiles lyrics - Statistics

General Stats
  • This quiz has been taken 132 times
  • The average score is 78 of 91
Answer Stats
Answer % Correct
a
97%
a
97%
I
97%
I
97%
my
96%
my
96%
Sarah
96%
sarah
96%
sarah
96%
sarah
96%
smiles
95%
and
92%
and
92%
and
92%
does
92%
like
92%
me
92%
me
92%
me
92%
me
92%
on
92%
you
92%
you
92%
you
92%
you
92%
know
91%
know
91%
she
91%
she
91%
the
91%
the
91%
care
90%
doesnt
90%
in
90%
in
90%
with
90%
with
90%
with
90%
so
89%
world
88%
it
87%
just
87%
to
87%
to
87%
was
87%
all
86%
for
86%
lies
86%
lies
86%
lives
86%
own
86%
unaware
86%
destiny
85%
guy
85%
her?
85%
living
85%
oh
84%
oh
84%
that
84%
eyes
83%
eyes
83%
fall
83%
sky
83%
waiting
83%
your
83%
your
83%
your
83%
are
81%
changed
81%
fine
81%
then
81%
once
79%
win
78%
fooled
77%
fooled
77%
honey
77%
say
77%
twice
77%
we
77%
already
76%
sin
76%
now
75%
original
74%
saving
74%
pull
73%
both
72%
called
72%
lips
72%
velvet
71%
doll
70%
youd
63%
No matching quizzes found
Score Distribution
Percent of People with Each Score
Percentile by Number Answered
Your Score History
You have not taken this quiz